Govt. of
Madhya Pradesh

भगवान परशुराम पुराण (Record no. 64062)

MARC details
000 -LEADER
fixed length control field 00380nam a22001097a 4500
082 ## - DEWEY DECIMAL CLASSIFICATION NUMBER
Classification number 294
100 ## - MAIN ENTRY--AUTHOR NAME
Personal name शर्मा, विक्रम
245 ## - TITLE STATEMENT
Title भगवान परशुराम पुराण
260 ## - PUBLICATION, DISTRIBUTION, ETC. (IMPRINT)
Place of publication दिल्‍ली
Name of publisher कल्‍पना प्रकाशन
Year of publication २०१८
650 ## - SUBJECT ADDED ENTRY--TOPICAL TERM
Topical Term हिन्‍दू धर्म
942 ## - ADDED ENTRY ELEMENTS (KOHA)
Koha item type Books
Holdings
Withdrawn status Lost status Damaged status Not for loan Home library Current library Date acquired Cost, normal purchase price Full call number Accession Number Price effective from Koha item type
        MACL MACL 15/01/2021 1495.00 294 CRH038493 15/01/2021 Books